The Investigation (Record no. 28010)

MARC details
000 -LEADER
fixed length control field 00256nam a2200109Ia 4500
082 ## - DEWEY DECIMAL CLASSIFICATION NUMBER
Classification number 82-3
Item number UHN;3
100 ## - MAIN ENTRY--AUTHOR NAME
Personal name Uhnak, Dorothy
245 #4 - TITLE STATEMENT
Title The Investigation
260 ## - PUBLICATION, DISTRIBUTION, ETC. (IMPRINT)
Place of publication London
Name of publisher Arrow
Year of publication 1983
942 ## - ADDED ENTRY ELEMENTS (KOHA)
Koha item type Books
Holdings
Withdrawn status Lost status Damaged status Not for loan Home library Current library Date acquired Cost, normal purchase price Full call number Accession Number Koha item type
        RRII Library RRII Library 16/12/2021 31.80 82-3 UHN;3 08625 Books